| 000 | 00619nam a22002177a 4500 | ||
|---|---|---|---|
| 003 | SISC | ||
| 005 | 20160315154000.0 | ||
| 008 | 130906t xxu||||| |||| 00| 0 eng d | ||
| 020 | _a1855016931 | ||
| 050 |
_aN 7430 _b.R631 1995 |
||
| 082 |
_aHS 751.4 _bR532 1995 |
||
| 100 |
_aRobb, Tom _916893 |
||
| 245 |
_aPainting and drawing : _ba complete art course / _cTom Robb |
||
| 260 |
_aLondon : _bTiger Books International, _c1995. |
||
| 300 |
_a212p : _bill. ; _c31 cm. |
||
| 562 | _e1 | ||
| 650 |
_aPainting _xTechnique _916894 |
||
| 650 |
_a Drawing _xTechnique. _916895 |
||
| 942 |
_2lcc _cBK |
||
| 999 |
_c10536 _d10536 |
||